Engineering physics (Record no. 397100)

MARC details
000 -LEADER
fixed length control field 00502 a2200193 4500
005 - DATE & TIME
control field 20260407144912.0
008 - FIXED-LENGTH DATA ELEMENTS--GENERAL INFORMATION
fixed length control field 260407b |||||||| |||| 00| 0 eng d
020 ## - ISBN
International Standard Book Number 9788197628580
Price Rs. 375.00
040 ## - CATALOGING SOURCE
Original cataloging agency VIVEKANANDA LIBRARY
082 ## - DDC NUMBER
Classification number 621
Book Number D538E
100 ## - MAIN ENTRY--PERSONAL NAME
Personal name Dhobale, Sandip
245 ## - TITLE STATEMENT
Title Engineering physics
260 ## - PUBLICATION, DISTRIBUTION, ETC. (IMPRINT)
Name of publisher, distributor, etc Kabdwal Book International
Date of publication, distribution, etc 2024
Place of publication, distribution, etc Mumbai
300 ## - PHYSICAL DESCRIPTION
Pages x, 270
650 ## - Subject
Subject Engineering
650 ## - Subject
Subject Physics For Engineering
700 ## - Added Entry Personal Name
Added Entry Personal Name Kkommineni, Namrataa
942 ## - ADDED ENTRY ELEMENTS (KOHA)
Koha item type Books
Holdings
Withdrawn status Lost status Source of classification or shelving scheme Damaged status Not for loan Location (home branch) Sublocation or collection (holding branch) Shelving location Date acquired Koha issues (times borrowed) Koha full call number Accession No. Koha date last seen Koha item type
    Dewey Decimal Classification     VIVEKANANDA LIBRARY VIVEKANANDA LIBRARY UIET Library 24/03/2026   621 D538E 431168 24/03/2026 Books
    Dewey Decimal Classification     VIVEKANANDA LIBRARY VIVEKANANDA LIBRARY UIET Library 24/03/2026   621 D538E 431171 24/03/2026 Books
    Dewey Decimal Classification     VIVEKANANDA LIBRARY VIVEKANANDA LIBRARY UIET Library 24/03/2026   621 D538E 431169 24/03/2026 Books
    Dewey Decimal Classification     VIVEKANANDA LIBRARY VIVEKANANDA LIBRARY UIET Library 24/03/2026   621 D538E 431170 24/03/2026 Books
    Dewey Decimal Classification     VIVEKANANDA LIBRARY VIVEKANANDA LIBRARY UIET Library 24/03/2026   621 D538E 431167 24/03/2026 Books
© Designed and Maintained by Vivekananda Library, MDU Rohtak